|
|
|
|
| LEADER |
00740nab a2200181 i 4500 |
| 001 |
misc42930 |
| 005 |
20191106140405.0 |
| 008 |
180720s2017 hu o 0|| zxx d |
| 022 |
|
|
|a 1215-5233
|
| 040 |
|
|
|a SZTE Miscellanea Repozitórium
|b hun
|
| 041 |
|
|
|a zxx
|
| 100 |
2 |
|
|a K. Nagy Emese
|
| 245 |
1 |
2 |
|a A digitális eszközök helye a Komplex Instrukciós Program szerint szervezett tanórákon
|h [elektronikus dokumentum] /
|c K. Nagy Emese
|
| 260 |
|
|
|c 2017
|
| 300 |
|
|
|a 86-97
|
| 490 |
0 |
|
|a Iskolakultúra
|v 27 No. 1-12
|
| 695 |
|
|
|a Oktatásügy - Magyarország - 21. sz., Pedagógia - digitális, Számítógép-hálózat - Internet - oktatás
|
| 856 |
4 |
0 |
|u http://misc.bibl.u-szeged.hu/42930/1/iskolakultura_2017_001_012_086-097.pdf
|z Dokumentum-elérés
|